Countries with the Highest Urbanization - Statistics

General Stats
  • This quiz has been taken 140 times
  • The average score is 9 of 18
Answer Stats
% Country % Correct
100.0 Monaco
92%
100.0 Vatican City
89%
100.0 Singapore
88%
97.8 San Marino
80%
92.1 Luxembourg
78%
92.0 Japan
68%
99.4 Qatar
64%
94.9 Malta
62%
93.2 Netherlands
55%
98.2 Belgium
54%
100.0 Kuwait
52%
92.9 Israel
38%
94.0 Iceland
30%
100.0 Nauru
23%
92.0 Jordan
15%
95.8 Uruguay
15%
92.5 Argentina
7%
91.0 Gabon
2%
No matching quizzes found
Score Distribution
Percent of People with Each Score
Percentile by Number Answered
Your Score History
You have not taken this quiz